logo

Bir Sreshtho Munshi Abdur Rouf Library
Jhenaidah Cadet College

An introduction to Mapwork and Practical Geography / (Record no. 4320)

MARC details
000 -LEADER
fixed length control field 00710nam a2200265 a 4500
001 - CONTROL NUMBER
JCCL Control Number 4320
003 - CONTROL NUMBER IDENTIFIER
JCCL marc code BD-JhCC
005 - DATE AND TIME OF LATEST TRANSACTION
control field 20171126134549.0
008 - FIXED-LENGTH DATA ELEMENTS--GENERAL INFORMATION
fixed length control field 171126b19381967enka|||| || | 001 0 eng d
035 ## - SYSTEM CONTROL NUMBER
system control number (BD-JhCC)4320
040 ## - CATALOGING SOURCE
Original cataloging agency BD-JhCC
Modifying agency BD-JhCC
041 ## - LANGUAGE CODE
Language code of Book eng
082 ## - DEWEY DECIMAL CLASSIFICATION NUMBER
Classification number 526.8
Author mark and Year BYG 1967
100 ## - MAIN ENTRY--PERSONAL NAME
Personal name Bygott, John
245 ## - TITLE STATEMENT
Title An introduction to Mapwork and Practical Geography /
Statement of responsibility, etc John Bygott
250 ## - EDITION STATEMENT
Edition statement 9th ed.
260 ## - PUBLICATION, DISTRIBUTION, ETC. (IMPRINT)
Place of publication, distribution, etc London :
Name of publisher, distributor, etc Univversity Tutorial Press LTD,
Date of publication, distribution, etc 1967.
300 ## - PHYSICAL DESCRIPTION
Pagination 264 p. :
Other physical details ill. ;
Dimensions 20 cm.
504 ## - BIBLIOGRAPHY, ETC. NOTE
Bibliography, etc Includes Index.
650 ## - SUBJECT ADDED ENTRY--TOPICAL TERM
Topical term or geographic name as entry element Cartography
General subdivision Study and Teaching
650 ## - SUBJECT ADDED ENTRY--TOPICAL TERM
Topical term or geographic name as entry element Geography
650 ## - SUBJECT ADDED ENTRY--TOPICAL TERM
Topical term or geographic name as entry element Map Drawing
942 ## - ADDED ENTRY ELEMENTS (KOHA)
Source of classification or shelving scheme Dewey Decimal Classification
Koha item type Books
Holdings
Source of classification or shelving scheme Damaged status Not for loan Home library Current library Shelving location Date of accession Cost, normal purchase price Total Checkouts Full call number Barcode Date last seen Copy number Koha item type
Dewey Decimal Classification     JCC Rouf Library JCC Rouf Library General Stacks 11/26/2017 20.00   526.8 BYG 1967 5888 11/26/2017 C-1 Books
Dewey Decimal Classification     JCC Rouf Library JCC Rouf Library General Stacks 11/28/2017     526.8 BYG 1967 6387 11/28/2017 C- 2 Books
Dewey Decimal Classification     JCC Rouf Library JCC Rouf Library General Stacks 11/28/2017     526.8 BYG 1967 6419 11/28/2017 C- 3 Books
Dewey Decimal Classification     JCC Rouf Library JCC Rouf Library General Stacks 11/28/2017     526.8 BYG 1967 6418 11/28/2017 C-4 Books

JCC Library | Contacts | JCC Home

Last Update on 23 September 2017
Copyright @ 2017-2020 JCC Rouf Library
Rouf Library, Jhenidah Cadet College (JCC), Bangladesh